Belek-belek

Bibliographic Details
Main Author: Aza
Format: Book
Published: Kuala Lumpur : Creative Enterprise Sdn.Bhd.c1992
Subjects:

MARC

LEADER 00000cam a2200000 7i4500
001 0000009952
002 000010841
005 20000330.0
020 |a 9679987671 
090 0 0 |a C   |b AZA 
100 0 |a Aza 
245 1 0 |a Belek-belek   |c Aza 
260 |a Kuala Lumpur :   |b Creative Enterprise Sdn.Bhd.c1992 
300 |a 154p. :   |b ill. ;   |c 18cm. 
650 0 0 |a Caricatures and cartoons   |z Malaysia 
650 0 0 |a Wit and humor 
999 |a 043428   |b BUKU   |c PINJAMAN   |e PERPUSTAKAAN KOMUNITI PETALING JAYA 
999 |a 044979   |b BUKU   |c PINJAMAN   |e PERPUSTAKAAN KOMUNITI CAW KOTA DAMANSARA 
999 |a 044985   |b BUKU   |c CARTOON   |e PERPUSTAKAAN KOMUNITI CAW KOTA DAMANSARA 
999 |a 044986   |b BUKU   |c PINJAMAN   |e PERPUSTAKAAN KOMUNITI CAW KOTA DAMANSARA